[Event "8th Linares it"]
[Site "Linares ESP"]
[Date "1990.02.18"]
[Round "1"]
[White "Gelfand, Boris"]
[Black "Kasparov, Garry"]
[Result "1/2-1/2"]
[WhiteElo "2615"]
[BlackElo "2800"]
[EventDate "1990.02.18"]
[PlyCount "89"]

1.d4 Nf6 2.c4 g6 3.Nc3 Bg7 4.e4 d6 5.Be2 O-O 6.Nf3 e5 7.O-O Nc6 8.d5 Ne7 
9.Ne1 Nd7 10.Nd3 f5 11.Bd2 Kh8 12.Rc1 Nf6 13.f3 c5 14.g4 a6 15.Nf2 h6 16.
h4 fxg4 17.fxg4 Neg8 18.Kg2 Nh7 19.Rh1 Bf6 20.g5 hxg5 21.h5 Qe8 22.b4 cxb4
23.Na4 Bd8 24.Bxb4 Bd7 25.hxg6 Qxg6 26.c5 g4 27.c6 g3 28.Nd3 bxc6 29.dxc6 
Rc8 30.Bf3 Rxf3 31.Qxf3 Bg4 32.Qxg3 Qxe4+ 33.Kg1 Nf6 34.Bxd6 Qd4+ 35.Nf2 
Qxd6 36.Nxg4 Qd4+ 37.Nf2 Qxa4 38.Qxe5 Rc7 39.Rh2 Rg7+ 40.Rg2 Bc7 41.Qf5 
Qxa2 42.Qc8+ Qg8 43.Qxg8+ Kxg8 44.Rxg7+ Kxg7 45.Nd3 1/2-1/2

[Event "8th Linares it"]
[Site "Linares ESP"]
[Date "1990.02.19"]
[Round "2"]
[White "Beliavsky, Alexander"]
[Black "Illescas Cordoba, Miguel"]
[Result "0-1"]
[WhiteElo "2640"]
[BlackElo "2530"]
[EventDate "1990.02.18"]
[PlyCount "84"]

1.d4 d5 2.c4 e6 3.Nc3 c5 4.cxd5 exd5 5.Nf3 Nc6 6.g3 Nf6 7.Bg2 Be7 8.O-O 
O-O 9.Bg5 cxd4 10.Nxd4 h6 11.Be3 Re8 12.Qc2 Bg4 13.h3 Bd7 14.Rad1 Qc8 15.
Kh2 Bf8 16.Rfe1 Re5 17.Rh1 Rh5 18.Kg1 Bxh3 19.Bf3 Re5 20.Nxc6 bxc6 21.Bd4 
Bf5 22.e4 Rxe4 23.Nxe4 Nxe4 24.Qe2 c5 25.Be3 Qe6 26.Kg2 d4 27.Bc1 Re8 28.
Qb5 a6 29.Qb7 Qxa2 30.Rde1 Nd6 31.Qb6 Rc8 32.Bf4 Nc4 33.Qb7 Qxb2 34.Qd5 
Qc2 35.Re2 Nb6 36.Qb7 Qb3 37.Rhe1 Qb5 38.Bc1 Nc4 39.Qd5 Bd7 40.Re7 Bxe7 
41.Rxe7 Be8 42.Be4 Kf8 0-1

[Event "8th Linares it"]
[Site "Linares ESP"]
[Date "1990.02.21"]
[Round "4"]
[White "Illescas Cordoba, Miguel"]
[Black "Gelfand, Boris"]
[Result "0-1"]
[WhiteElo "2530"]
[BlackElo "2615"]
[EventDate "1990.02.18"]
[PlyCount "68"]

1.e4 c5 2.Nf3 d6 3.d4 cxd4 4.Nxd4 Nf6 5.Nc3 a6 6.Bc4 e6 7.Bb3 b5 8.Bg5 Be7
9.Qf3 Qc7 10.O-O-O Nbd7 11.Qg3 Nc5 12.Bd5 Rb8 13.Bc6+ Kf8 14.f4 h6 15.Bh4 
b4 16.Na4 Ncxe4 17.Bxe4 Nxe4 18.Bxe7+ Qxe7 19.Qe1 Qb7 20.Nb6 Nc3 21.Nxc8 
Nxd1 22.Nxd6 Qd5 23.Qe5 Qxe5 24.fxe5 Ne3 25.Re1 Nf5 26.N4xf5 exf5 27.Nxf5 
g6 28.Nd6 Ke7 29.Nc4 Rhc8 30.b3 Rc6 31.Kb2 f5 32.exf6+ Kxf6 33.a3 bxa3+ 
34.Kxa3 Re6 0-1

[Event "8th Linares it"]
[Site "Linares ESP"]
[Date "1990.02.23"]
[Round "5"]
[White "Short, Nigel David"]
[Black "Illescas Cordoba, Miguel"]
[Result "1-0"]
[WhiteElo "2635"]
[BlackElo "2530"]
[EventDate "1990.02.18"]
[PlyCount "125"]

1.e4 c5 2.Nf3 e6 3.d4 cxd4 4.Nxd4 Nc6 5.Nc3 Qc7 6.Be3 a6 7.Bd3 Nf6 8.O-O 
Ne5 9.h3 b5 10.f4 Nc4 11.Bxc4 Qxc4 12.Qd3 Bb7 13.a4 Qxd3 14.cxd3 b4 15.
Nce2 Bc5 16.Rfc1 d6 17.Kf2 Kd7 18.Nb3 Bxe3+ 19.Kxe3 a5 20.Ned4 Rhc8 21.
Rxc8 Bxc8 22.Rc1 Bb7 23.g4 Ng8 24.Nd2 Ba6 25.N4b3 Ne7 26.d4 Nc6 27.e5 h5 
28.Ne4 hxg4 29.exd6 gxh3 30.Nbc5+ Ke8 31.Rh1 Kf8 32.Rxh3 Kg8 33.b3 Nd8 34.
Rg3 Kh7 35.Rg1 Bb7 36.Nxb7 Nxb7 37.Rc1 Rd8 38.Rc6 f5 39.Ng5+ Kg6 40.Rb6 
Nxd6 41.Nxe6 Nc8 42.Rb8 Re8 43.d5 Kf6 44.Kd4 g6 45.Kc5 Rh8 46.Nc7 Ke7 47.
d6+ Kd7 48.Nb5 Rh1 49.Rb7+ Kd8 50.Nd4 Rc1+ 51.Kd5 Rd1 52.d7 Nd6 53.Ra7 Ke7
54.Rxa5 Kxd7 55.Ra7+ Kd8 56.Rg7 Nc8 57.Kc5 Ne7 58.a5 Rc1+ 59.Kxb4 Nd5+ 60.
Kb5 Nxf4 61.a6 Nd5 62.a7 Ra1 63.Nc6+ 1-0

[Event "8th Linares it"]
[Site "Linares ESP"]
[Date "1990.02.24"]
[Round "6"]
[White "Salov, Valery"]
[Black "Yusupov, Artur"]
[Result "1-0"]
[WhiteElo "2645"]
[BlackElo "2615"]
[EventDate "1990.02.18"]
[PlyCount "143"]

1.c4 e6 2.g3 d5 3.Bg2 dxc4 4.Na3 Bxa3 5.bxa3 Ne7 6.Qa4+ Nbc6 7.Bb2 e5 8.
Qxc4 Be6 9.Qa4 O-O 10.Nf3 Bd5 11.d3 Qd7 12.O-O Rad8 13.Qc2 Nd4 14.Bxd4 
exd4 15.Rfc1 Rc8 16.Qc5 Bxf3 17.Bxf3 b6 18.Qc4 c5 19.a4 Ng6 20.Qb5 Qe6 21.
a5 Ne5 22.Bg2 Rfd8 23.axb6 axb6 24.a4 g6 25.a5 bxa5 26.Rxc5 Nd7 27.Rd5 Rb8
28.Qa4 Rb4 29.Qxa5 Rdb8 30.Rf1 Nf6 31.Rd8+ Kg7 32.Rxb8 Rxb8 33.Bf3 h6 34.
Qc5 Rd8 35.Rb1 Rd6 36.Kg2 Nd7 37.Qc8 Qf6 38.Rb7 Nf8 39.Rb8 Qe7 40.Ra8 h5 
41.h4 Rd7 42.Be4 Rd6 43.Qc5 Qf6 44.Re8 Nd7 45.Qb5 Nb6 46.Qb4 Nd7 47.Qa5 
Re6 48.Rc8 Nb6 49.Rc7 Rd6 50.Qb5 Qe6 51.Qg5 Nd7 52.Ra7 Nf8 53.Re7 Qf6 54.
Qxf6+ Kxf6 55.Rc7 Ne6 56.Rc4 Ke7 57.Bc6 Rd8 58.Ra4 Ng7 59.Ra7+ Kf6 60.Bb5 
Nf5 61.Bc4 Nd6 62.Bd5 Kg7 63.Rc7 Kf8 64.Kf3 Kg7 65.Kf4 Kh6 66.Ke5 Kg7 67.
Ra7 Kf8 68.Ra8 Rxa8 69.Bxa8 Nb5 70.Bc6 Nc3 71.Bf3 Nb5 72.Bd5 1-0

[Event "8th Linares it"]
[Site "Linares ESP"]
[Date "1990.02.27"]
[Round "8"]
[White "Illescas Cordoba, Miguel"]
[Black "Yusupov, Artur"]
[Result "1-0"]
[WhiteElo "2530"]
[BlackElo "2615"]
[EventDate "1990.02.18"]
[PlyCount "103"]

1.d4 d5 2.Nf3 Nf6 3.c4 e6 4.g3 Bb4+ 5.Nc3 dxc4 6.Bg2 O-O 7.O-O Nc6 8.a3 
Ba5 9.Bg5 h6 10.Bxf6 Qxf6 11.Qa4 Bb6 12.e3 Na5 13.Ne5 Qe7 14.Ne4 Rd8 15.
Nxc4 Bd7 16.Qc2 Nxc4 17.Qxc4 Bc6 18.Qc3 Rd7 19.Rac1 Re8 20.Nc5 Bxg2 21.
Kxg2 Bxc5 22.Qxc5 e5 23.dxe5 Qxc5 24.Rxc5 b6 25.Rc6 Rxe5 26.Rfc1 Ree7 27.
h4 Kf8 28.Kf3 Ke8 29.Ke2 Kd8 30.h5 Re5 31.g4 Red5 32.R1c2 f5 33.f3 fxg4 
34.fxg4 a5 35.Rg6 a4 36.Rc4 b5 37.Rd4 Rxd4 38.exd4 Rxd4 39.Rxg7 Ke8 40.Ke3
c5 41.g5 hxg5 42.h6 Kf8 43.Rxg5 Rh4 44.Rxc5 Rxh6 45.Rxb5 Ke7 46.Kd4 Kd7 
47.Kc5 Kc7 48.Rb4 Rh5+ 49.Kc4 Ra5 50.Rb5 Ra8 51.Kb4 Kc6 52.Ra5 1-0

[Event "8th Linares it"]
[Site "Linares ESP"]
[Date "1990.02.28"]
[Round "9"]
[White "Ljubojevic, Ljubomir"]
[Black "Illescas Cordoba, Miguel"]
[Result "1/2-1/2"]
[WhiteElo "2625"]
[BlackElo "2530"]
[EventDate "1990.02.18"]
[PlyCount "63"]

1.d4 d5 2.c4 e6 3.Nc3 c5 4.cxd5 exd5 5.Nf3 Nc6 6.g3 Nf6 7.Bg2 Be7 8.O-O 
O-O 9.dxc5 Bxc5 10.Bg5 d4 11.Bxf6 Qxf6 12.Nd5 Qd8 13.Nd2 Re8 14.Rc1 Bb6 
15.Re1 Bg4 16.Nxb6 axb6 17.h3 Be6 18.a3 Rc8 19.Qa4 h6 20.Nc4 Na5 21.Nxa5 
bxa5 22.Bxb7 Rb8 23.Bf3 Rxb2 24.Red1 Bb3 25.Qxd4 Qxd4 26.Rxd4 Ra2 27.a4 
Rxa4 28.Rxa4 Bxa4 29.Rc5 Bd1 30.Rxa5 Bxe2 31.Bd5 Re7 32.Kg2 1/2-1/2

[Event "8th Linares it"]
[Site "Linares ESP"]
[Date "1990.02.28"]
[Round "9"]
[White "Portisch, Lajos"]
[Black "Gulko, Boris"]
[Result "0-1"]
[WhiteElo "2605"]
[BlackElo "2610"]
[EventDate "1990.02.18"]
[PlyCount "42"]

1.d4 Nf6 2.Nf3 g6 3.Bf4 Bg7 4.c3 b6 5.e3 Bb7 6.h3 O-O 7.Be2 d6 8.O-O c5 9.
Nbd2 Nbd7 10.Bh2 Qc7 11.a4 a6 12.Qb1 cxd4 13.exd4 Nd5 14.Re1 Rfe8 15.Qa2 
Bh6 16.Qb3 Nf4 17.Bf1 e5 18.Qc4 Qd8 19.Bxf4 Bxf4 20.dxe5 dxe5 21.Ne4 Rc8 
0-1